000 01525cam a2200349 a 4500
999 _c127450
_d127450
001 15953432
003 ARRUPE
005 20180119092917.0
008 091020s2009 sa b 001 0 eng
010 _a 2009404399
020 _a9781869141745
020 _a1869141741
040 _aDLC
_cDLC
043 _af------
050 0 0 _aB5305
_b.A35 2009
245 0 0 _aAfrican ethics :
_ban anthology of comparative and applied ethics /
_cedited by Munyaradzi Felix Murove.
260 _aScottsville, South Africa :
_bUniversity of Kwazulu-Natal Press,
_c2009.
300 _axvi, 461 p. ;
_c24 cm.
504 _aIncludes bibliographical references and index.
505 0 _aAfrican ethics in the world -- The primacy of ubuntu in African ethics -- African ethics and Christianity -- African bioethics -- African business ethics -- African ethics and the environment -- African ethics and political transformation.
650 0 _aPhilosophy, African.
_938735
650 0 _aEthics
_zAfrica.
_99259
650 0 _aReligious thought
_zAfrica.
_938736
650 0 _aSocial values
_zAfrica.
_937996
650 0 _aEthics
_zSouth Africa.
_931448
650 0 _aUbuntu (Philosophy)
_938737
650 0 _aEthics, Comparative.
_938738
650 0 _aApplied ethics.
_938739
700 1 _aMurove, Munyaradzi Felix.
_938740
906 _a7
_bcbc
_corigres
_d3
_encip
_f20
_gy-gencatlg
942 _2lcc
_cMONOGRAPH